| 000 | 00978nam a22002297a 4500 | ||
|---|---|---|---|
| 999 |
_c15587 _d15587 |
||
| 003 | AR-CdUCM | ||
| 008 | 190429b ||||| |||| 00| 0 spa d | ||
| 040 |
_aMUNICIPALIDAD PROVINCIAL DEL CUSCO _cBIBLIOTECA MUNICIPAL DEL CUSCO |
||
| 082 |
_aC / 990 / _bF47 |
||
| 110 |
_aCENCICAP - ANTA _934709 |
||
| 245 | _aFiestas Tradicionales en la Pampa de Anta / | ||
| 260 |
_aCusco : _bCENCICAP-ANTA, _c1981 |
||
| 300 |
_a83 páginas ; _bfotografías, _c31.5 cm. |
||
| 505 | _aContenido: Antecedentes históricos -- Fiestas religiosas en las Comunidades Campesinas -- Encargados de la realización de las fiestas -- Danzas folklóricas en la Pampa de Anta -- Realización de los eventos en las fiestas religiosas -- Fiestas religiosas comunes en la Pampa de Anta ... | ||
| 650 |
_aHistotria _934710 |
||
| 650 |
_aAnta - Cusco _934711 |
||
| 650 |
_aTradiciones _9229 |
||
| 650 |
_aReligiosidad _93962 |
||
| 650 |
_aFolklore _91081 |
||
| 942 |
_2ddc _cLIBROS |
||
| 945 |
_aachl _d2019-04-29 |
||